000 005150000a22002050004500
003 LK-CoMWRAF
005 20231023132637.0
008 230817t2002 ||||| |||| 00| 0 eng d
020 _a8178980533
040 _aLK-CoMWRAF
_dLK-CoMWRAF
_eLK-CoMWRAF
041 _aeng
082 _a297.4
_bKHA
100 _aKhan, Saniyasnain
245 _aGoodword Islamic studies :
_bA graded course
260 _aNew Delhi :
_bGoodword,
_c2002
300 _a24p
650 _aIslam
650 _aIslamic Studies
942 _cBK
999 _c1502
_d1502